| 000 | 00461nam a22001937a 4500 | ||
|---|---|---|---|
| 999 |
_c11518 _d11518 |
||
| 003 | OSt | ||
| 008 | 220906b ||||| |||| 00| 0 eng d | ||
| 020 | _a9789353163631 | ||
| 082 | _a658.15 BRP | ||
| 100 | _aBREALEY,RICHARD A | ||
| 245 | _aPrinciples of Corporate Finance | ||
| 250 | _a12th | ||
| 260 |
_aNew Delhi _bTMH _c2022 |
||
| 650 | _aMBA | ||
| 700 | _aMYERS,Stewart C | ||
| 700 | _aALLEN,Franklin | ||
| 700 | _aMOHANTY,Pitabas | ||
| 942 |
_2ddc _cBK |
||